Music Quiz

Random Music or Lyrics Quiz

'Bennie & The Jets' Lyrics Quiz Stats

 Plays Quiz not verified by Sporcle

Score 0/123 Timer 10:00
0 Plays Today
% Correct
The
100%
the
100%
the
100%
B-B-B-Bennie
100%
the
100%
Jets
100%
Bennie,
100%
a
100%
a
100%
B-B-B-Bennie
100%
the
100%
Jets
100%
the
100%
Bennie
100%
the
100%
it
96.3%
electric
96.3%
and
96.3%
you
96.3%
and
96.3%
and
96.3%
got
96.3%
electric
96.3%
boots
96.3%
You
96.3%
I
96.3%
it
96.3%
in
96.3%
and
96.3%
in
96.3%
and
96.3%
Uh,
92.6%
Oh,
92.6%
Oh,
92.6%
she's
92.6%
She's
92.6%
mohair
92.6%
suit
92.6%
magazine
92.6%
We
92.6%
we
92.6%
% Correct
know
88.9%
read
88.9%
Hey
85.2%
kids!
85.2%
have
85.2%
Hey
85.2%
kids!
85.2%
to
81.5%
seen
81.5%
yet?
81.5%
to
81.5%
You're
77.8%
them
77.8%
but
77.8%
but
77.8%
but
77.8%
them
77.8%
so
74.1%
of
74.1%
so
74.1%
wonderful
74.1%
weather
70.4%
around
70.4%
they're
70.4%
out
70.4%
they're
70.4%
weird
70.4%
they're
70.4%
really
70.4%
they're
70.4%
out
70.4%
together
66.7%
been
66.7%
We'll
66.7%
gonna
66.7%
hear
66.7%
walls
66.7%
sound
66.7%
Say,
66.7%
Ronnie
66.7%
Shake
63%
% Correct
loose
63%
something
63%
known
63%
change
63%
stick
63%
Candy
63%
spaced
63%
keen
63%
take
63%
our
63%
spotlight's
59.3%
that's
59.3%
music,
59.3%
solid
59.3%
makes
59.3%
us
59.3%
Where
59.3%
streets
59.3%
wrong
59.3%
hitting
55.6%
faithless
55.6%
let
55.6%
along
55.6%
fight
55.6%
parents
55.6%
who's
55.6%
right
55.6%
who's
55.6%
kill
51.9%
fatted
51.9%
calf
51.9%
tonight,
51.9%
ageless
51.9%
ourselves
51.9%
find
51.9%
into
48.1%
survive,
48.1%
Plug
44.4%
shall
44.4%
Maybe
33.3%
blinded
29.6%

You're not logged in!

Compare scores with friends on all Sporcle quizzes.
OR
Log In

Sporcle TV

Today on Sporcle TV


Watch our educational content, quiz creation guides, and fun videos on Sporcle TV.

Show Comments

Extras

Created Aug 14, 2019ReportNominate
Tags:Lyrics Quiz, Elton John

Top Quizzes Today


Score Distribution

Your Account Isn't Verified!

In order to create a playlist on Sporcle, you need to verify the email address you used during registration. Go to your Sporcle Settings to finish the process.

Report this User

Report this user for behavior that violates our Community Guidelines.

Details: